Respuesta varietal del trigo al fertilizante nitrogenado en el sudoeste bonaerense /

Guardado en:
Autor Principal: Loewy, Tomás.
Autor Corporativo: Instituto Nacional de Tecnología Agropecuaria (Argentina). Estación Experimental Agropecuaria Bordenave.
Otros Autores: López, J. R., Garbini, S. E.
Formato: Libro
Idioma:Spanish
Publicado: Bordenave : INTA EEA Bordenave, 1984.
Series:Informe técnico. INTA EEA Bordenave, nº 43
Etiquetas: Agregar Etiqueta
Sin Etiquetas, Sea el primero en etiquetar este registro!
LEADER 00879nam a22002055a 4500
001 EEA.libagro010809
005 20180912120033.0
008 130809s1984####ag#a##########000#0#spa#d
082 0 4 |a 631.8 
082 0 4 |a 633.11 
100 1 |a Loewy, Tomás. 
245 1 0 |a Respuesta varietal del trigo al fertilizante nitrogenado en el sudoeste bonaerense /  |c T. Loewy, J. R. López, S. E. Garbini. 
260 |a Bordenave :  |b INTA EEA Bordenave,  |c 1984. 
300 |a 13 h. :  |b il. ;  |c 30 cm. 
490 1 |a Informe técnico. INTA EEA Bordenave,  |x 0326-2596 ;  |v nº 43 
700 1 |a López, J. R. 
700 1 |a Garbini, S. E. 
710 2 |a Instituto Nacional de Tecnología Agropecuaria (Argentina).  |b Estación Experimental Agropecuaria Bordenave. 
773 0 |t Fertilidad y Fertilizantes. Publicaciones del Ing. Agr. Tomás Loewy.  |g Trabajo nº 8. 
859 |a AR-BbBCA  |b BIB. AGRONOMIA  |h 631.8  |i L827 8  |p 1996/2584